[Event "Adrogue Science U2200 op 3rd"]
[Site "Adrogue"]
[Date "2017.10.11"]
[Round "2.2"]
[White "Pierri, Jorge"]
[Black "Torres, Oscar"]
[Result "0-1"]
[WhiteElo "1642"]
[BlackElo "1909"]
[PlyCount "78"]
[EventDate "2017.10.09"]
[EventType "swiss"]
[EventRounds "6"]
[EventCountry "ARG"]
[SourceTitle "EXT 2024"]
[Source "ChessBase"]
[SourceDate "2023.10.10"]
[SourceVersion "1"]
[SourceVersionDate "2023.10.10"]
[SourceQuality "1"]

1. Nf3 Nf6 2. d3 d5 3. Bd2 c5 4. a3 Nc6 5. Nc3 e5 6. Rb1 e4 7. Nh4 d4 8. g3 dxc3 9. bxc3 Be7 10. Bg2 h6 11. dxe4 g5 12. Nf5 Ne5 13. f4 gxf4 14. Bxf4 Qxd1+ 15. Kxd1 Neg4 16. Ke1 Nh5 17. e3 Nxf4 18. exf4 Rb8 19. Ng7+ Kf8 20. Nh5 Ne3 21. Bf3 Nxc2+ 22. Ke2 Nxa3 23. Rbd1 b5 24. f5 f6 25. Nf4 Rh7 26. Bh5 b4 27. cxb4 cxb4 28. Bg6 Rg7 29. Nd5 b3 30. Nc3 Ba6+ 31. Kf3 Bb4 32. Nb1 Nxb1 33. Rxb1 Bc3 34. Ke3 Rd7 35. Rxb3 Rxb3 36. Kf4 Be5+ 37. Kg4 Be2+ 38. Kh4 Rd1 39. Rxd1 Bxd1 0-1

[Event "Villa Diamante op"]
[Site "Villa Diamante"]
[Date "2015.08.17"]
[Round "7"]
[White "Urciuoli, Antonio"]
[Black "Pierri, Jorge"]
[Result "1-0"]
[WhiteElo "1748"]
[BlackElo "1628"]
[PlyCount "34"]
[EventDate "2015.08.14"]
[EventType "swiss"]
[EventRounds "7"]
[EventCountry "ARG"]
[SourceTitle "EXT 2016"]
[Source "ChessBase"]
[SourceDate "2015.10.08"]
[SourceVersion "1"]
[SourceVersionDate "2015.10.08"]
[SourceQuality "1"]

1. Nf3 Nf6 2. g3 d5 3. Bg2 c6 4. 0-0 g6 5. d3 Bg7 6. Nbd2 0-0 7. e4 Ng4 8. e5 Kh8 9. Ng5 d4 10. h3 Nh6 11. Qe2 e6 12. Re1 Nf5 13. g4 b6 14. Qd1 Nh6 15. Nf1 Qd7 16. Bf4 c5 17. Qd2 Ng8 1-0